| 000 | 01093nam0a22002771 4500 | ||
|---|---|---|---|
| 001 | RU\NLR\INFOCOMM_18\5000664103 | ||
| 005 | 20250613094918.0 | ||
| 035 | _a(NLR Aleph) 009281503 | ||
| 090 |
_a9164179 _c9164179 |
||
| 100 | _a20100916d1987 |||y0rusy50 ca | ||
| 101 | 1 | _apor | |
| 102 | _aRU | ||
| 105 | _ay ||||000|y | ||
| 200 | 1 |
_aEconomia e organização da produção agrícola _f[Коллектив авт. под ред. П. Злобина и В. Соболева _gTrad. de K. Asryants] |
|
| 210 |
_aΜ. _cProgresso _d1987 |
||
| 215 |
_a205 с. _d21 см |
||
| 300 | _aНа обороте тит. л.: Экономика и организация сельскохозяйственного производства: Учеб. пособие по обществ. наукам | ||
| 606 |
_aСельское хозяйство _yСССР _2nlr_sh1 |
||
| 686 |
_aУ32(2) _2rubbk |
||
| 702 | 1 |
_9z01790 _aZlobin _bP. E. _4340 |
|
| 790 | 1 |
_9z01702 _aЗлобин _bП. _4340 |
|
| 801 | 1 |
_aRU _bNLR _c20100916 |
|
| 801 | 0 |
_aRU _bNLR _gPSBO |
|
| 852 |
_aNLR _jЭк51 Д-3/125 |
||
| 942 | _cBOOK | ||
| 980 | _aNB | ||